Advances in library administration and organization

Wedi'i Gadw mewn:
Manylion Llyfryddiaeth
Fformat: Llyfr
Iaith:Undetermined
Cyhoeddwyd: Amsterdam, The Netherlands Elsevier 2005
Pynciau:
Tagiau: Ychwanegu Tag
Dim Tagiau, Byddwch y cyntaf i dagio'r cofnod hwn!
Thư viện lưu trữ: Trung tâm Học liệu Trường Đại học Cần Thơ
LEADER 00516nam a2200169Ia 4500
001 CTU_103036
008 210402s9999 xx 000 0 und d
082 |a 025.1 
082 |b A244 
245 0 |a Advances in library administration and organization 
245 0 |c Edited by Edward D. Garten, Delmus E. Williams, James M. Nyce 
260 |a Amsterdam, The Netherlands 
260 |b Elsevier 
260 |c 2005 
650 |a Library science 
904 |i Minh 
980 |a Trung tâm Học liệu Trường Đại học Cần Thơ